000 01144cad a22002655a 4500
001 L154821
008 120120e20120120xxkd f s 000 0 eng d
035 _a(Sirsi) u154821
041 0 _aeng
110 2 _aRoyal Institution of Chartered Surveyors
_bEconomics
_95033
245 0 0 _aRICS global real estate weekly
_b20 January 2012
_h[electronic resource]
260 _aLondon
_bRICS
_c2012
490 0 _aRICS Global Real Estate Weekly
_v20 January 2012
520 _aReserve Bank of India to leave interest rates on hold for now. US housing market recovery looks to gather momentum in 2012. Measures to cool Singapore housing market affecting sentiment. Japanese loan officers survey to show demand for finance continuing to stabilise.
590 _aKA
650 2 4 _aRICS GLOBAL REAL ESTATE WEEKLY
651 4 _aIndia
651 4 _aUnited States
_y1959-
651 4 _aSingapore
651 4 _aJapan
690 _aCommercial property
_96227
690 _aResidential property
_96266
856 4 0 _uhttps://www.rics.org/site/download_feed.aspx?fileID=11152&fileExtension=PDF
_zView the report free of charge at www.rics.org
942 _n0
999 _c113179
_d113179